| 000 | 02321cam a22005654i 4500 | ||
|---|---|---|---|
| 003 | PE-LiUPU | ||
| 005 | 20250731170503.0 | ||
| 008 | 20240102s2024 co a rb 000 0 spa d | ||
| 020 | _a9789587925999 | ||
| 035 | _aPE-LiUPU2025016 | ||
| 040 |
_aPE-LiUPU _bspa _cPE-LiUPU _erda |
||
| 082 | 0 | 4 |
_a155.67 _bD431a _223 |
| 100 |
_aDergan, José, _eautor. _95649 |
||
| 245 | 1 | 0 |
_aAnálisis neuropsicológico del funcionamiento cerebral en el adulto mayor / _cJosé Dergan. |
| 264 | 1 |
_aBogotá : _bEdiciones de la U, _c2024. |
|
| 300 |
_a254 páginas : _bilustraciones ; _c24 cm |
||
| 336 |
_atext _2rdacontent |
||
| 337 |
_aunmediated _2rdamedia |
||
| 338 |
_avolume _2rdacarrier |
||
| 504 | _aIncluye referencias bibliográficas al final de los capítulos. | ||
| 505 | 0 | _aFundamentos teóricos en el análisis y tratamiento neuropsicológico de la tercera edad -- Trastornos cognitivos y emocionales en la tercera edad -- Trastorno de los sistemas cognitivo-emocionales en la tercera edad -- Trastornos neuropsicológicos más frecuentes en los síndromes involutivos -- El diagnóstico diferencial en las demencias -- Evaluación y tratamiento de los trastornos neurocognitivos en el envejeciente -- Criterios multimodales en la evaluación e intervención neuropsicológica -- Aplicación de técnicas psicológicas en la rehabilitación de sistemas cognitivo-emocionales en la demencia. | |
| 526 | _aSEG68 | ||
| 526 | _aSEG70 | ||
| 526 | _aSEG69 | ||
| 526 | _aSEG67 | ||
| 526 | _aSEG43 | ||
| 526 | _aP144 | ||
| 526 | _aP143 | ||
| 526 | _aP131 | ||
| 526 | _aP122 | ||
| 526 | _aP120 | ||
| 526 | _aP117 | ||
| 526 | _aP112 | ||
| 526 | _aP110 | ||
| 526 | _aP106 | ||
| 526 | _aP101 | ||
| 526 | _aP80 | ||
| 526 | _aP59 | ||
| 526 | _aP54 | ||
| 526 | _aP35 | ||
| 526 | _aP33 | ||
| 526 | _aP30 | ||
| 650 | 1 | 0 |
_aNeuropsicología. _95650 |
| 650 | 1 | 0 |
_aPsicología del envejecimiento. _xPsicología. _95651 |
| 650 | 1 | 0 |
_aTrastornos cognitivos en la vejez. _95652 |
| 856 | 4 | 0 |
_uhttps://edicionesdelau.com/producto/analisis-neuropsicologico-del-funcionamiento-cerebral-en-el-adulto-mayor/ _zSitio web del editor. |
| 942 |
_2ddc _cBK |
||
| 980 |
_621515 _aROMINA COBOS Adquisiciones _81 _gALBERTO SANCHEZ Responsable de Automatización |
||
| 999 |
_c62993 _d62992 |
||